Statistiques concernant Devine le Lac !

Cliquez ici pour prendre le quiz!

Statistiques générales

  • Ce quiz a été pris 17 fois
  • Le résultat moyen est 14 sur 62

Statistiques - réponses

Pays FrontalierSuperficieRéponse% Correct
Suisse, France580 km²Léman
94%
Tanzanie, Ouganda, Kenya68 800 km²Victoria
81%
Etats-Unis, Canada82 103 km²Superieur
75%
Perou, Bolivie8 372 km²Titicaca
75%
Etats-Unis, Canada25 744 km²Érié
69%
Etats-Unis58 030 km²Michigan
69%
Canada, Etats-Unis18 960 km²Ontario
69%
Russie31 722 km²Baïkal
56%
Allemagne, Suisse, Aurtiche536 km²Constance
56%
Israel, Jordanie, Palestine605 km²Mer Morte
56%
Canada, Etats-Unis59 600 km²Huron
50%
Italie, Suisse212,5 km²Majeur
50%
Kazakhstan, Ouzbekistan17 160 km²Mer d'Aral
50%
Tchad, Cameroun, Nigeria, Niger1 350 km²Tchad
50%
Malawi, Mozambique, Tanzanie29 600 km²Malawi
44%
Kazakhstan, Turkménistan, Azerbaïdjan, Iran, Russie371 000 km²Mer Caspienne
44%
Russie17 700 km²Ladoga
38%
Vénézuela13 210 km²Maracaibo
38%
Nicaragua8 264 km²Cocibolca (Nicaragua)
31%
Iatlie370 km²Garde
31%
Cambodge2 700 km²Tonlé Sap
31%
Hongrie592 km²Balaton
25%
Egypte, Soudan5 250 km²Nasser
25%
Tanzanie, RDC, Burundi, Zambie32 900 km²Tanganyika
25%
Canada31 153 km²Grand Lac de l'Ours
19%
Etats-Unis4 400 km²Grand Lac Salé
19%
Kenya, Ethiopie6 405 km²Turkana
19%
Ouganda, RDC5 300 km²Albert
13%
Kazakshtan16 996 km²Balkhach
13%
Canada27 200 km²Grand Lac des Esclaves
13%
Russie9 700 km²Onega
13%
Suisse113.6 km²Quatre Cantons
13%
Turquie3 755 km²Van
13%
Suède5 650 km²Vänern
13%
Suède1 900 km²Vättern
13%
Ghana8 502 km²Volta
13%
Australie9 500 km²Eyre
6%
Canada24 514 km²Winnipeg
6%
Suisse218,3 km²Zurich
6%
Canada7 850 km²Athabasca
0%
Ouzbekistan3 000 km²Aydar
0%
Inde1 100 km²Chilika
0%
Venezuela4 250 km²Guri
0%
Kirghizistan6 236 km²Iessik
0%
Turkmenistan18 000 km²Kara-Bogaz-Gol
0%
Zimbabwe, Zambie5 580 km²Kariba
0%
Brésil10 140 km²Lagoa dos Patos
0%
Russie, Lithuanie1 619 km²Lagune de Courlande
0%
Argentine4 000 km²Mar Chiquita
0%
RDC, Zambie5 120 km²Mweru
0%
Bénin160 km²Nokoué
0%
Macédoine du Nord, Albanie358 km²Ohrid
0%
Iran5 200 km²Orumieh
0%
Estonie, Russie3 555 km²Peipus
0%
Chine4 400 km²Poyang
0%
Chine4 186 km²Qinghai
0%
Finlande4 400 km²Saimaa
0%
Albanie, Montenegro370 km²Shkodra
0%
Ukraine2 560 km²Syvach
0%
Nouvelle-Zélande616 km²Taupo
0%
Irak2 710 km²Thartar
0%
Mongolie, Russie3 350 km²Uvs Nuur
0%

Distribution des résultats

Percentile par nombre de réponses

% des personnes avec chaque résultat

Votre développement - résultats

Vous n’avez pas pris ce quiz